Diseño / (Registro nro. 249)
[ vista simple ]
| 000 -LEADER | |
|---|---|
| fixed length control field | 00903nam a2200265Ia 4500 |
| 003 - CONTROL NUMBER IDENTIFIER | |
| control field | PE SENCICO BE |
| 005 - DATE AND TIME OF LATEST TRANSACTION | |
| control field | 20251020182431.0 |
| 008 - FIXED-LENGTH DATA ELEMENTS--GENERAL INFORMATION | |
| fixed length control field | 200515s9999 xx 000 0 und d |
| 020 ## - INTERNATIONAL STANDARD BOOK NUMBER | |
| International Standard Book Number | 84-8076-257-8 |
| 040 ## - CATALOGING SOURCE | |
| Original cataloging agency | PE SENCICO BE |
| Transcribing agency | PE SENCICO BE |
| 041 ## - LANGUAGE CODE | |
| Language code of text/sound track or separate title | spa |
| 082 ## - DEWEY DECIMAL CLASSIFICATION NUMBER | |
| Classification number | 747 |
| Item number | C74 |
| 100 1# - MAIN ENTRY--PERSONAL NAME | |
| Personal name | Conran, Terence |
| 9 (RLIN) | 2581 |
| Relator term | autor |
| 245 10 - TITLE STATEMENT | |
| Title | Diseño / |
| Statement of responsibility, etc. | Terence Conran |
| 250 ## - EDITION STATEMENT | |
| Edition statement | 1a ed. |
| 260 ## - PUBLICATION, DISTRIBUTION, ETC. | |
| Place of publication, distribution, etc. | Barcelona : |
| Name of publisher, distributor, etc. | Blume ; |
| Date of publication, distribution, etc. | 1997 |
| 300 ## - PHYSICAL DESCRIPTION | |
| Extent | 285 p. : |
| Other physical details | il. col., lams. ; |
| Dimensions | 26 cm. |
| 505 0# - FORMATTED CONTENTS NOTE | |
| Formatted contents note | Introducción: el diseño y la calidad de vida -- Muebles e interiores -- El menaje del hogar -- Ropa y vestidos -- Alimentos -- Transporte -- Trabajo -- Tiempo libre -- Actividades del aire libre |
| 650 10 - SUBJECT ADDED ENTRY--TOPICAL TERM | |
| Topical term or geographic name entry element | Diseño de interiores |
| 9 (RLIN) | 44 |
| 650 20 - SUBJECT ADDED ENTRY--TOPICAL TERM | |
| Topical term or geographic name entry element | Muebles |
| 9 (RLIN) | 239 |
| 650 20 - SUBJECT ADDED ENTRY--TOPICAL TERM | |
| Topical term or geographic name entry element | Imagen corporativa |
| 9 (RLIN) | 1964 |
| 650 20 - SUBJECT ADDED ENTRY--TOPICAL TERM | |
| Topical term or geographic name entry element | Color en el diseño |
| 9 (RLIN) | 1793 |
| 942 ## - ADDED ENTRY ELEMENTS (KOHA) | |
| Koha item type | Libros |
| Source of classification or shelving scheme | Dewey Decimal Classification |
| Fecha de la última vez que lo usaron | Número de ingreso o de inventario | Pago total | Signatura topográfica completa | Código de barras | Precio efectivo desde | Tipo de documento | Estado perdido | Sistema de clasificación | Estado dañado | No es para préstamo | Retirado | Ubicación permanente | Ubicación actual | Fecha de adquisición |
|---|---|---|---|---|---|---|---|---|---|---|---|---|---|---|
| 15/05/2020 | 12799 | 747/C74 | BibLima24100001 | 15/05/2020 | Libros | Dewey Decimal Classification | Biblioteca Central Lima | Biblioteca Central Lima | 15/05/2020 |